| 000 | 00904nam a22002177a 4500 | ||
|---|---|---|---|
| 999 |
_c1797 _d1797 |
||
| 001 | 18695 | ||
| 003 | BD-DhUAP | ||
| 005 | 20210127092125.0 | ||
| 008 | 200209r20141997bg ||||| |||| 00| 0 ben d | ||
| 020 | _a9789843319869 | ||
| 040 |
_aBD-DhUAP _bBangla _cBD-DhUAP _dBD-DhUAP |
||
| 082 |
_223 _a346.5492066 ALM |
||
| 100 | _aআলম, আহমদ ফখরুল। | ||
| 245 |
_aকোম্পানী আইন : _b(কোম্পানী আইন, ১৯৯৪ অবলম্বনে রচিত) / _cআহমদ ফখরুল আলম। |
||
| 260 |
_aঢাকা : _bকামরুল বুক হাউস, _c১৯৯৭ [মুদ্রণ ২০১৪]। |
||
| 300 |
_a৫৬৮ পৃষ্ঠা ; _c২৩ সেমি.। |
||
| 600 | _2 | ||
| 650 |
_aCompanies Act _zBangladesh. |
||
| 700 | _aহোসেন, এ কে এম তোফাজ্জল। | ||
| 942 |
_2ddc _cBK |
||